| 000 -LEADER |
| fixed length control field |
00471cam a22001217a 4500 |
| 008 - FIXED-LENGTH DATA ELEMENTS--GENERAL INFORMATION |
| fixed length control field |
180718b xxu||||| |||| 00| 0 eng d |
| 082 ## - DEWEY DECIMAL CLASSIFICATION NUMBER |
| Classification number |
T19x5462 H57/1990-91 |
| 100 ## - MAIN ENTRY--PERSONAL NAME |
| Personal name |
Himachal Pradesh. Finance, Planning and Economics & Statistics Department |
| 245 ## - TITLE STATEMENT |
| Title |
Economic review of Himachal Pradesh |
| Statement of responsibility, etc. |
by Finance, Planning and Economics & Statistics Department |
| 260 ## - PUBLICATION, DISTRIBUTION, ETC. |
| Place of publication, distribution, etc. |
Shimla |
| Name of publisher, distributor, etc. |
Government of Himachal Pradesh |
| Date of publication, distribution, etc. |
|
| 300 ## - PHYSICAL DESCRIPTION |
| Extent |
v.p. |
| 500 ## - GENERAL NOTE |
| General note |
Library has 1983-85 and 1990-91 |